000 01997cam a22004937i 4500
999 _c173375
_d173375
001 17466880
003 Nust
005 20180117090021.0
008 120918s2013 enka b 001 0 eng d
010 _a 2012949717
015 _aGBB2C0642
_2bnb
016 7 _a016220199
_2Uk
020 _a9781849809900 (hbk.)
020 _a1849809909 (hbk.)
020 _a1849809933 (ebook)
020 _a9781849809931 (ebook)
035 _a(OCoLC)ocn820110769
040 _aUKMGB
_beng
_cUKMGB
_dOCLCO
_dYDXCP
_dBTCTA
_dCDX
_dBWX
_dPAU
_dZCU
_dUAB
_dOCLCF
_dCHVBK
_dOCLCQ
_dDLC
_erda
042 _alccopycat
043 _ad------
050 0 0 _aHN980
_b.S588 2013
082 0 4 _a361.61091724
_223
245 0 0 _aSocial policy in a developing world /
_cedited by Rebecca Surender, Lecturer in Social Policy, University of Oxford, UK, Robert Walker, Professor of Social Policy, University of Oxford, UK.
264 1 _aCheltenham, UK ;
_aNorthampton :
_bEdward Elgar,
_c[2013]
264 4 _c©2013.
300 _aviii, 304 pages :
_billustrations ;
_c24 cm
336 _atext
_btxt
_2rdacontent
337 _aunmediated
_bn
_2rdamedia
338 _avolume
_bnc
_2rdacarrier
504 _aIncludes bibliographical references and index.
650 0 _aPublic welfare
_zDeveloping countries.
650 7 _aPublic welfare.
_2fast
_0(OCoLC)fst01083250
650 7 _aSocial policy.
_2fast
_0(OCoLC)fst01122738
650 7 _aSozialpolitik.
_2gnd
651 0 _aDeveloping countries
_xSocial policy.
651 7 _aDeveloping countries.
_2fast
_0(OCoLC)fst01242969
651 7 _aPays en voie de développement.
_2rero
700 1 _aSurender, Rebecca.
700 1 _aWalker, Robert,
_d1949-
906 _a7
_bcbc
_ccopycat
_d2
_encip
_f20
_gy-gencatlg
942 _2ddc
_cBK